The qualitative theory of ordinary differential equations: an introduction

Guardat en:
Dades bibliogràfiques
Autors principals: Brauer, Fred (Autor), Nohel, John A (Autor)
Format: Llibre
Idioma:anglès
Publicat: Nueva York W. A. Benjamin 1969
Matèries:
Etiquetes: Afegir etiqueta
Sense etiquetes, Sigues el primer a etiquetar aquest registre!

MARC

LEADER 00000nam a2200000 a 4500
001 UCW0749
003 CL-VaPUC
008 890427e19690000US |||||||||||||||||eng|d
082 0 4 |a 515.352  |b BRA  |2 21 
100 0 |a Brauer, Fred  |e author  |9 304668 
700 0 |a Nohel, John A  |e author  |9 304669 
245 1 4 |a The qualitative theory of ordinary differential equations: an introduction 
300 |a 314 p 
942 |c BK 
945 |d 19890427 00:00:00 
260 |a Nueva York  |b W. A. Benjamin  |c 1969 
650 0 |a Ecuaciones diferenciales ordinarias  |9 270041 
583 |a last modification  |c 19890427 00:00:00  |k Rodrigo Vera 
999 |c 215808  |d 215806 
952 |0 0  |1 0  |4 0  |6 515_352000000000000_BRA_1969  |7 0  |8 A  |9 200875  |a BIBMAT  |b BIBMAT  |d 2019-11-14  |i 2680009  |o 515.352 BRA 1969  |p 2680009  |r 2025-01-07  |w 2019-11-14  |y BK  |k MAT